| 000 | 00687nam a2200217 a 4500 | ||
|---|---|---|---|
| 001 | 000044398 | ||
| 003 | DO-SdBNP | ||
| 005 | 20160920142407.0 | ||
| 008 | 140627s2007 dr a 000 0 spa d | ||
| 010 | _a000044398 | ||
| 020 | _a9789945442434 | ||
| 040 |
_aBPMET _bspa _cBPMET |
||
| 100 | 1 | _aTaveras, Carmen | |
| 240 | 1 | 0 |
_aBaby Ruth and the alligator _lespañol e inglés |
| 245 | 1 | 3 |
_aLa bebé Ruth y el lagarto = _bBaby Ruth and the alligator / _cCarmen Taveras ; ilustraciones Jenifer Blas. |
| 260 |
_aSanto Domingo : _bTaller, _c2007. |
||
| 300 |
_a[40] p. : _bil. ; _c27 cm. |
||
| 700 | 1 | 2 |
_aBlas, Jenifer _eil. |
| 942 |
_2ddc _cBK |
||
| 956 |
_aVMATEO _b10 _c20140630 _lBPMSU _h 0069 |
||
| 999 |
_c7240 _d7240 |
||